Normal view
MARC view
Entry Topical Term
001 - CONTROL NUMBER
- control field: 29757
003 - CONTROL NUMBER IDENTIFIER
- control field: OSt
005 - DATE AND TIME OF LATEST TRANSACTION
- control field: 20220212121916.0
008 - FIXED-LENGTH DATA ELEMENTS
- fixed length control field: 220212|| aca||aabn | a|a d
040 ## - CATALOGING SOURCE
- Original cataloging agency: OSt
- Transcribing agency: OSt
150 ## - HEADING--TOPICAL TERM
- Topical term or geographic name entry element: Christianity, Everyday cosmopolitanism, Islam, Religiosity, Youth
670 ## - SOURCE DATA FOUND
- Source citation: Work cat.: (OSt): Driezen, A. Verschraegen, G. and clycq, N. 29756, Religion and everyday cosmopolitanism among religious and non-religious urban youth
